| 000 | 01495nam0a2200373 4500 | ||
|---|---|---|---|
| 001 | RU\NLR\bibl\504696 | ||
| 005 | 20260405054759.0 | ||
| 010 |
_a5-9524-0483-9 _96000 |
||
| 021 |
_aRU _b2003-70908 _93510 |
||
| 035 | _aRSL-KNO-002393176 | ||
| 035 | _a(NLR Aleph) 000497266 | ||
| 090 |
_a1151193 _c1151193 |
||
| 100 | _a20031219d2003 |||y0rusy50 ca | ||
| 101 | 1 |
_arus _ceng |
|
| 102 | _aRU | ||
| 105 | _aa ||||||||| | ||
| 106 | _ar | ||
| 200 | 1 |
_aСексуальная жизнь в Древней Греции _dSexual life in ancient Greece _fГанс Лихт _g[Пер. с англ. Н.А. Поздняковой] _zeng |
|
| 210 |
_aМ. _cЦентрполиграф _d2003 _eОАО Можайский полигр. комб. |
||
| 215 |
_a429,[1] с., [12] л. ил., портр. _d21 |
||
| 300 | _aАвт. также на англ. яз.: Hans Licht | ||
| 510 | 0 |
_6z11790 _aSexual life in ancient Greece _zeng |
|
| 606 | 0 |
_aСексуальные отношения _xИстория _92302777 _3RU\NLR\auth\661378583 |
|
| 607 |
_aГреция Древняя _xБыт и нравы _9959644 _3RU\NLR\auth\66358159 |
||
| 686 | _aС550.53 | ||
| 686 | _aТ3(0)321-75 | ||
| 700 | 1 |
_4070 _8rus _7ca _aЛихт _bГ. _gГанс _3RU\NLR\auth\7718437 _91514 |
|
| 790 | 1 |
_4070 _8eng _7ba _aLicht _bH. _gHans _3RU\NLR\auth\7718438 _91515 |
|
| 801 | 0 |
_aRU _bRuMoRKP _c20031219 _gPSBO |
|
| 801 | 1 |
_aRU _bRuMoRKP _c20031219 |
|
| 801 | 2 |
_aRU _bNLR _c20040325 _gPSBO |
|
| 942 | _cBOOK | ||
| 980 | _aNB | ||